000 00514nam a2200205 a 4500
001 BRCA_6352
005 20190321142923.0
008 180811s1928----gw-#######---#000-0#ger-#
041 _ager
044 _agw
050 4 _b.E88 1928
100 1 _aEttlinger, Karl
_915924
245 1 0 _aAus fröhlichem Herzen
_cvon Karl Ettlinger (Karlchen).
260 _aMúnich
_bGeorg Müller
_cc1928
300 _a348 p.
_c19 cm.
500 _aK130
650 1 4 _aLiteratura Alemana
_96160
902 _aGFM
942 _2lcc
_cB
999 _c6038
_d6038